000 01126cam a22003254a 4500
001 13034711
003 OSt
005 20140310182057.0
008 021219s2003 paua c b 001 0 eng
010 _a 2002156085
020 _a1590843916
040 _aDLC
_cDLC
_dDLC
042 _apcc
_alcac
050 0 0 _aGV 1114.9
_b.C525 2003
082 0 0 _aHS 796.8
_bC41 2003
100 1 _aChesterman, Barnaby.
_912465
245 1 0 _aTaekwondo /
_cBarnaby Chesterman.
246 3 _aTae kwon do
246 1 _iSubtitle on cover:
_aEssential tips, drills, and combat techniques
260 _aBroomall, PA :
_bMason Crest Publishers,
_cc2003.
300 _a96 p. :
_bill. (some col.) ;
_c25 cm.
440 0 _aMartial and fighting arts
_911394
504 _aIncludes bibliographical references (p. 94-95) and index.
650 0 _aTae kwon do
_vJuvenile literature.
_912472
650 1 _aTae kwon do.
_912473
906 _a7
_bcbc
_corignew
_d1
_eecip
_f20
_gy-gencatlg
942 _2lcc
_cHS
999 _c9111
_d9111